ადრეული განათლება : (ბიბ.ჩანაწერი № 62702)
[ მარტივი ფორმატი ]
| 000 -ლიდერი | |
|---|---|
| ფიქსირებული სიგრძის საკონტროლო ველი | 02263nam a22002897a 4500 |
| 003 - საკონტროლო ნომრის იდენტიფიკატორი | |
| საკონტროლო ველი | Ge_BSU |
| 005 - ბოლო ოპერაციის თარიღი და დრო | |
| საკონტროლო ველი | 20250127105843.0 |
| 008 - ფიქსირებული სიგრძის მონაცემთა ელემენტები - ზოგადი ინფორმაცია | |
| ფიქსირებული სიგრძის საკონტროლო ველი | 250127s2021 ge ||||| |||| 00| 0 geo d |
| 020 ## - წიგნის საერთაშორისო სტანდარტული ნომერი | |
| International Standard Book Number | 9789941978449 |
| 041 ## - ენის კოდი | |
| Language code of text/sound track or separate title | geo |
| 080 ## - უნივერსალური ათობითი კლასიფიკაციის ინდექსი | |
| Universal Decimal Classification number | 37 ნ-19 |
| 100 ## - მთავარი ჩანაწერი - პიროვნების სახელი | |
| Personal name | ნათბრაუნი, ქესი |
| 9 (RLIN) | 13633 |
| 245 ## - ცნობა სათაურის შესახებ | |
| Title | ადრეული განათლება : |
| Remainder of title | ისტორია, ფილოსოფია და გამოცდილება / |
| Statement of responsibility, etc | ქესი ნათბრაუნი, პიტერ ქლოფი; ქართულ ენაზე თარგმნა მაია ბოლქვაძემ ; მთ. რედაქტორები: ლელა თავდგირიძე, ნატო შეროზია; რედაქტორი ნინო ჯიჯავაძე; კორექტორი ია ხასაია. |
| 250 ## - გამოცემის ცნობა | |
| Edition statement | მე-2 გამოცემა. |
| 264 ## - წარმოების, გამოცემის, დისტრიბუციის და სხვა ცნობები | |
| გამოცემის, წარმოების, დისტრიბუციის... ადგილი | თბილისი : |
| გამოცემის, წარმოების, დისტრიბუციის... სახელწოდება | სამშობლო, |
| გამოცემის, წარმოების, დისტრიბუციის... თარიღი | 2021. |
| 300 ## - ფიზიკური აღწერა | |
| Extent | 320 გვ. ; |
| Other physical details | 20 სმ. |
| 500 ## - ზოგადი შენიშვნა | |
| General note | წიგნის საწყისი გვერდი ინგლისურ ენაზე. საძიებლები: გვ. 313-320. |
| 501 ## - შენიშვნა თანმხლებ მასალაზე | |
| With note | წიგნის თარგმნა განხორციელდა აჭარის ა.რ. განათლების, კულტურისა და სპორტის სამინისტროს "უმაღლესი განათლების ხელშეწყობის" პროგრამის ფარგლებში. |
| 504 ## - BIBLIOGRAPHY, ETC. NOTE | |
| Bibliography, etc | ბიბლიოგრაფია: გვ. 289-312. |
| 700 ## - ADDED ENTRY--PERSONAL NAME | |
| Personal name | ქლოფი, პიტერ |
| Relator term | ავტორი |
| 9 (RLIN) | 13634 |
| 700 ## - ADDED ENTRY--PERSONAL NAME | |
| Personal name | ბოლქვაძე, მაია |
| Relator term | მთარგმნელი |
| 9 (RLIN) | 13635 |
| 700 ## - ADDED ENTRY--PERSONAL NAME | |
| Personal name | თავდგირიძე, ლელა |
| Relator term | მთ. რედაქტორი |
| 9 (RLIN) | 1294 |
| 700 ## - ADDED ENTRY--PERSONAL NAME | |
| Personal name | შეროზია, ნატო |
| Relator term | მთ. რედაქტორი |
| 9 (RLIN) | 9358 |
| 700 ## - ADDED ENTRY--PERSONAL NAME | |
| Personal name | ჯიჯავაძე, ნინო |
| Relator term | რედაქტორი |
| 9 (RLIN) | 13636 |
| 700 ## - ADDED ENTRY--PERSONAL NAME | |
| Personal name | ხასაია, ია |
| Relator term | კორექტორი |
| 9 (RLIN) | 10725 |
| 942 ## - ADDED ENTRY ELEMENTS (KOHA) | |
| Source of classification or shelving scheme | |
| Koha item type | წიგნი |
| ჩამოწერის სტატუსი | დაკარგული ეგზემპლარის სტატუსი | კლასიფიკაციის წყარო ან თაროზე გაწყობის სქემა | დაზიანების სტატუსი | არ გაიცემა | მუდმივი მდებარეობა (დაცვის ადგილი) | ამჟამინდელი ადგილსამყოფელი | თაროზე განთავსების ადგილი | შეძენის თარიღი | ღირებულება, შესყიდვის ნორმალური ფასი | სრული შენახვის შიფრი | შტრიხკოდი | ბოლო ოპერაციის თარიღი | ეგზემპლარის მიმდევრობითი ნომერი (კეტერი?) | ფასის ძალაში შესვლის თარიღი | ეგზემპლარის სახეობა | საჯარო შენიშვნა |
|---|---|---|---|---|---|---|---|---|---|---|---|---|---|---|---|---|
| ბათუმის შოთა რუსთაველის სახელმწიფო უნივერსიტეტის მთავარი ბიბლიოთეკა | ბათუმის შოთა რუსთაველის სახელმწიფო უნივერსიტეტის მთავარი ბიბლიოთეკა | წიგნსაცავი | 2025-01-27 | 8.00 | 37 ნ-19 | 70402 | 2025-01-27 | 70402 | 2025-01-27 | წიგნი | 8 ლ. |
